000 01463nam a2200385 i 4500
001 196329
003 ES-MaACL
005 20241012063109.0
007 ta
008 240913s2013 sp a | |||| 001 0 spa
017 _aB 10425-2013
_bOficina Depósito Legal Barcelona
_zB 100425-2013
020 _a9788494100826
035 _a(OCoLC)864349173
035 _a(SpMaBN)a5408480
035 _a991042792099708606
040 _aSpMaBN
_bspa
_cSpMaBN
_erdc
_dES-MaACL
080 _a113/119
100 _aKrauss, Lawrence Maxwell
_9238701
245 1 0 _aUn universo de la nada :
_b¿por qué hay algo en vez de nada? /
_cLawrence M. Krauss ; postfacio de Richard Dawkins ; traducción de Cecilia Belza y Gonzalo García.
260 _aBarcelona :
_bEdiciones de Pasado & Presente,
_cD.L. 2013.
300 _a251 p. :
_bil., gráf. ;
_c23 cm
336 _aTexto (visual)
_2isbdcontent
337 _asin mediación
_2isbdmedia
338 _2rdacarrier
_avolumen
500 _aÍndice
594 _aTítulo original: A universe from nothing
650 4 _aCosmología
_2embne
_911389
852 _aES-MaACL
_cDEPO1
_hDonación: José Manuel Duarte Cendán
_9204045
_jA-15387
903 _9238529
_aDuarte Cendán, José Manuel
_q1
_ednr
942 _n0
_cMONOGRAFIA
999 _c196329
_d196329